| 000 | 00574cam a2200193 4500 | ||
|---|---|---|---|
| 999 |
_c1662 _d1662 |
||
| 020 | _a0136157386 (pbk.) | ||
| 020 | _a9780136157380 (pbk.) | ||
| 022 | _a9780136157380 | ||
| 050 |
_aRT41 _b.OS1 OSB |
||
| 245 | 0 | 0 |
_aMedical surgical nursing / _cKathleen S. Osborn, Annita Watson, Cheryl E. Wraa. Vol. 2. |
| 260 |
_aBoston, Mass. : _bPearson, _cc2010. |
||
| 300 |
_a2 v. : _bill. (chiefly col.) ; _c28 cm. |
||
| 650 | 0 | _aNursing. | |
| 650 | 0 | _aSurgical Nursing. | |
| 700 | 1 | _aOsborn, Kathleen S. | |
| 700 | 1 | _aWatson, Annita B., | |
| 700 | 1 | _aWraa, Cheryl E. | |
| 942 | _cBK | ||